Kim IL Sung (Record no. 925274)

MARC details
000 -LEADER
fixed length control field 00644nam a2200241Ia 4500
003 - CONTROL NUMBER IDENTIFIER
control field OSt
005 - DATE AND TIME OF LATEST TRANSACTION
control field 20221002054621.0
008 - FIXED-LENGTH DATA ELEMENTS--GENERAL INFORMATION
fixed length control field 220930b |||||||| |||| 00| 0 eng d
037 ## - SOURCE OF ACQUISITION
Terms of availability Reference Collections
040 ## - CATALOGING SOURCE
Original cataloging agency CRL
Transcribing agency CRL
Language of cataloging eng
041 ## - LANGUAGE CODE
Source of code eng
Language code of text/sound track or separate title eng
245 #0 - TITLE STATEMENT
Title Kim IL Sung
Remainder of title Works
260 ## - PUBLICATION, DISTRIBUTION, ETC.
Place of publication, distribution, etc. Korea
Name of publisher, distributor, etc. Foreign Languages
Date of publication, distribution, etc. 1984
300 ## - PHYSICAL DESCRIPTION
Extent 451p.
Dimensions cm.
500 ## - GENERAL NOTE
General note Kim II Sung works; 18
650 ## - SUBJECT ADDED ENTRY--TOPICAL TERM
Topical term or geographic name entry element HISTORY
942 ## - ADDED ENTRY ELEMENTS (KOHA)
Classification part V495,21xN12, M4(RR)
Koha item type
Source of classification or shelving scheme Colon Classification (CC)
Holdings
Withdrawn status Lost status Damaged status Not for loan Home library Current library Date acquired Total Checkouts Full call number Barcode Date last seen Price effective from Koha item type
        Central Library Central Library 2022-10-02   V495,21xN12 M4(RR) CL0737794 2022-10-02 2022-10-02  
Copyright @ Delhi University Library System